000 00691nam a2200205Ii 4500
003 JO-AjNU
008 230605s9999||||xx |||||||||||||| ||und||
040 _aJO-AjNU
_bara
_erda
_cJO-AjNU
041 _aara
050 1 4 _aBP173.75.N2 1974
100 3 _aالنجار، أحمد,
_eauthor
_945859
245 0 0 _aالمدخل الى النظرية الإقتصادية في المنهج الإسلامي
250 _aط2
264 3 1 _aد.م: دار الفكر، 1974
300 _a315ص
_bيتضمن ملحق خرائط
336 _atext
_btxt
_2rdacontent
337 _aunmediated
_bn
_2rdamedia
338 _avolume
_bnc
_2rdacarrier
650 4 _aالاقتصاد الاسلامي
_945860
999 _aA19909
_c23477
_d23477